LEADER 01234nam a2200265 i 4500 001 991000303809707536 008 080611s2007 gw a b 001 0 eng d 020 $a9783540680949 035 $ab13838593-39ule_inst 082 0 $a530.13 100 1 $aGriebel, Michael,$d1960-$0471555 245 10$aNumerical simulation in molecular dynamics :$bnumerics, algorithms, parallelization, applications /$cMichael Griebel, Stephan Knapek and Gerhard Zambusch 260 $aBerlin :$bSpringer,$cc2007 300 $axi, 470 p. :$bill. (some col.) ;$c24 cm 440 0$aTexts in computational science and engineering ;$v5 504 $aIncludes bibliographical references and index 650 4$aMolecular dynamics$xMathematical models 700 1 $aKnapek, Stephan.$eauthor$4http://id.loc.gov/vocabulary/relators/aut$0505650 700 1 $aZumbusch, Gerhard W. 907 $a.b13838593$b09-03-22$c24-06-09 912 $a991000303809707536 945 $aLE026 530.13 GRI 01.01 2007$g1$i2026000051307$lle026$nProf. Laforgia (bonus) / Biblioteca$op$pE39.95$q-$rl$s- $t4$u4$v1$w4$x0$y.i14986668$z25-06-09 996 $aNumerical simulation in molecular dynamics$91440265 997 $aUNISALENTO 998 $ale026$b11-06-08$cm$da $e-$feng$ggw $h0$i0 LEADER 01202nas 2200373 c 450 001 9910140373903321 005 20260218110059.0 035 $a(DE-599)ZDB2624787-2 035 $a(OCoLC)1061025378 035 $a(DE-101)1014534828 035 $a(CKB)2660000000010181 035 $a(DE-599)2624787-2 035 $a(EXLCZ)992660000000010181 100 $a20110823b20072013 |y | 101 0 $aeng 135 $aur||||||||||| 181 $ctxt$2rdacontent 182 $cc$2rdamedia 183 $acr$2rdacarrier 200 00$aArrestee drug abuse monitoring program II ... annual report$eADAM II$fUnited States, office of National Drug Control Policy ; ADAM, Arrestee Drug Abuse Monitoring Program 210 31$aWashington, DC$c[Verlag nicht ermittelbar]$d2007-2013 215 $aOnline-Ressource 300 $aGesehen am 04.10.2018 608 $aZeitschrift$2gnd-content 676 $a340 686 $a2,1$2ssgn 712 02$aUSA$bOffice of National Drug Control Policy$4isb 801 0$b0001 801 1$bDE-101 801 2$b9999 906 $aJOURNAL 912 $a9910140373903321 996 $aArrestee Drug Abuse Monitoring Program II ... annual report$92201250 997 $aUNINA